Oxford collocations dictionary

محفوظ في:
التفاصيل البيبلوغرافية
التنسيق: كتاب
اللغة:Undetermined
منشور في: Oxford 2009 2009
الموضوعات:
الوسوم: إضافة وسم
لا توجد وسوم, كن أول من يضع وسما على هذه التسجيلة!
Thư viện lưu trữ: Trung tâm Học liệu Trường Đại học Cần Thơ
LEADER 00535nam a2200181Ia 4500
001 CTU_188535
008 210402s9999 xx 000 0 und d
020 |c 289000 
082 |a 423 
082 |b O.98 
245 0 |a Oxford collocations dictionary 
245 0 |c Chief editor : Colin Mclntosh : editors: Ben Francis, Richard Poole 
260 |a Oxford 
260 |b 2009 
260 |c 2009 
650 |a Enlish language,Từ điển tiếng Anh 
650 |y dictionary 
980 |a Trung tâm Học liệu Trường Đại học Cần Thơ